000 00197nam a2200097Ia 4500
008 190216s9999||||xx |||||||||||||| ||und||
100 _aKovilan
245 0 _aTharavad
260 _bNull
942 _cBK
999 _c23756
_d23756